Las cualidades del blanco (Record no. 536)

MARC details
000 -LEADER
campo de control de longitud fija 00609nam a22001337a 4500
008 - DATOS DE LONGITUD FIJA--INFORMACIÓN GENERAL
campo de control de longitud fija 150424b xxu||||| |||| 00| 0 eng d
082 ## - NÚMERO DE LA CLASIFICACIÓN DECIMAL DEWEY
Número de clasificación 708
Número de ítem A 694c
100 ## - ENTRADA PRINCIPAL--NOMBRE DE PERSONA
Nombre de persona Arguedas, Adrian (autor), Díaz Bringas, Tamara (curadora)
9 (RLIN) 2465
245 ## - MENCIÓN DEL TÍTULO
Título Las cualidades del blanco
Mención de responsabilidad, etc. Arguedas, Adrian, Díaz Bringas, Tamara (curadora)
260 ## - PUBLICACIÓN, DISTRIBUCIÓN, ETC.
Lugar de publicación, distribución, etc. Costa Rica
Nombre del editor, distribuidor, etc. Museo de Arte y Diseño Contemporáneo
Fecha de publicación, distribución, etc. 2004
300 ## - DESCRIPCIÓN FÍSICA
Extensión 26 p.
Otras características físicas ill. (col)
Dimensiones 17.5 cm
650 ## - PUNTO DE ACCESO ADICIONAL DE MATERIA--TÉRMINO DE MATERIA
Subdivisión general Arguedas, Adrian-Exhibiciones
-- Arguedas, Adrian-Temas, motivos-Exhibiciones
-- S. XX
9 (RLIN) 2466
700 ## - ENTRADA AGREGADA--NOMBRE PERSONAL
Nombre de persona Adrian Arguedas, (autor), Tamara Díaz Bringas (curadora)
9 (RLIN) 2467
Holdings
Estatus retirado Estado de pérdida Fuente del sistema de clasificación o colocación Estado de daño No para préstamo Biblioteca de origen Biblioteca actual Ubicación en estantería Fecha de adquisición Total de préstamos Signatura topográfica completa Código de barras Visto por última vez Precio de reemplazo Tipo de ítem Koha
    Clasificación Decimal Dewey     Biblioteca LadoV Biblioteca LadoV   24/04/2015   708 A 694c 000578 24/04/2015 24/04/2015 Material 01